Score 0/12 Timer 01:00
2 Plays Today
% Correct
Fry
85.6%
Wong
79.5%
Turanga
78.5%
Brannigan
77.8%
Farnsworth
75.2%
Rodriguez
68.1%
Kroker
68.1%
Conrad
65.1%
Slim
57%
Zoidberg
53.1%
Wernstrom
50.5%
van Schoonhoven
50.4%

Today's Daily Dose

Missing Word
I Hardly Know Her!

Word Ladder
Sentence Ending

Quick Pick
Female Firsts

Get the Picture
Triathlon Sports

Remove Ads.
Support Sporcle.
Get the best of Sporcle when you Go Orange. This ad-free experience offers more features, more stats, and more fun while also helping to support Sporcle. Thank you for becoming a member.

You're not logged in!

Compare scores with friends on all Sporcle quizzes.
OR
Log In

Show Comments

Extras

Top Quizzes Today


Score Distribution

Your Account Isn't Verified!

In order to create a playlist on Sporcle, you need to verify the email address you used during registration. Go to your Sporcle Settings to finish the process.

Report this User

Report this user for behavior that violates our Community Guidelines.

Details: